| 000 | 01944nam a2200289Ia 4500 | ||
|---|---|---|---|
| 001 | 22082 | ||
| 003 | GE_BSU | ||
| 008 | 181216s||||||||xx |||||||||||||| ||und|| | ||
| 020 | _a9789941468049 | ||
| 040 | _cGE_BSU | ||
| 080 | _a821.124.03=353.1 | ||
| 100 | _aვალერიუს ფლაკუს,გაიუს. | ||
| 245 | _aარგონავტიკა : პოემა | ||
| 245 | _cლათინურიდან თარგმნა ცისანა გიგაურმა ; საკუთარ სახელთა კომენტ. საძიებელი დაურთეს ცისანა გიგაურმა და მაია დანელიამ ; რედაქტორი მაია დანელია | ||
| 250 | _aვანე ჯავახიშვილის სახ. თბილისის სახელმწ. უნ-ტი, კლასიკური ფილოლოგიის, ბიზანტინისტიკისა და ნეოგრეცისტიკის ინ-ტი. | ||
| 260 | _aთბილისი | ||
| 260 | _bპროგრამა ”ლოგოსი,, | ||
| 260 | _c2016 | ||
| 300 | _a482 გვ. ; 20 სმ. | ||
| 300 | _bგარეკანზე: ლორენცო კოსტა, არგონავტების გემი, XVI საუკუნის I ნახევარი, პადუა, იტალია. პოემა ლათინურ ენაზე: გვ. 350-468. კომენტარები თავების ბოლოს. | ||
| 300 | _cსახელთა ინდექსი: გვ. 469-482. | ||
| 541 | _h9ლ.20თ. | ||
| 653 | _aარგონავტიკა : პოემა | ||
| 653 | _aლათინური ლიტერატურა | ||
| 653 | _aრომაელი მწერლები. | ||
| 942 | _cBK | ||
| 999 |
_c55011 _d55011 |
||